• 首页
  • 本馆介绍
  • 公告通知
  • 最新文献
  • 馆藏检索
  • 电子资源
  • 读者导购
  • 参考咨询
  • 我的图书馆
  • 登录
  • 详细信息显示
  • 放入我的书架
  • 预约/预借图书
  • 作者相关作品
  • 分类相关作品
  • 丛书相关作品
  • 出版社相关作品

书目信息

  • 表格格式
  • 工作单格式
  • 卡片格式
题名:
区域人才结构动态适配产业结构升级研究
    
 
作者: 张延平 著
分册:  
出版信息: 北京   中国社会科学出版社  2013
页数: 250页
开本: 24cm
丛书名:
单 册:
中图分类: C964.2 , F127
科图分类:
主题词: 人才结构学--研究--中国 , 区域产业结构--产业结构升级--研究--中国 , 人才结构学 , 区域产业结构 , 产业结构升级
电子资源:
ISBN: 978-7-5161-3036-0
000 01363nam0 2200313 450
001 523
005 20140905095447.46
010    @a978-7-5161-3036-0@dCNY46.00
100    @a20131230d2013 kemy0chiy50 ea
101 0  @achi
102    @aCN@b110000
105    @ay v 000yy
106    @ar
200 1  @a区域人才结构动态适配产业结构升级研究@AQu Yu Ren Cai Jie Gou Dong Tai Shi Pei Chan Ye Jie Gou Sheng Ji Yan Jiu@dStudy on dynamic matching of regional talent structure and upgrading of industrial structure@f张延平著@FZhang Yan Ping Zhu@zeng
210    @a北京@c中国社会科学出版社@d2013
215    @a250页@d24cm
300    @a“广州市宣传文化出版资金”资助
330    @a本书按照“提出问题-分析问题-解决问题”的逻辑思路,沿着“研究背景描述-理论综述及分析论证-检验及实践应用”的研究脉络展开,提出了区域人才结构优化与产业转型升级的协同发展系统观,探索了区域人才结构优化与产业转型升级的协同管理理论框架。
510 1  @aStudy on dynamic matching of regional talent structure and upgrading of industrial structure@zeng
606 0  @a人才结构学@x研究@y中国
606 0  @a区域产业结构@x产业结构升级@x研究@y中国
606 0  @a人才结构学
606 0  @a区域产业结构
606 0  @a产业结构升级
690    @aC964.2@v5
690    @aF127@v5
701  0 @a张延平@AZhang Yan Ping@f(1978~)@4著
801  0 @aCN@bTANGWEI@c20140603
905    @b0839911-13@dC964.2@e75@f3
    
    区域人才结构动态适配产业结构升级研究=Study on dynamic matching of regional talent structure and upgrading of industrial structure/张延平著.-北京:中国社会科学出版社,2013
    250页;24cm
    “广州市宣传文化出版资金”资助
    
    ISBN 978-7-5161-3036-0:CNY46.00
    本书按照“提出问题-分析问题-解决问题”的逻辑思路,沿着“研究背景描述-理论综述及分析论证-检验及实践应用”的研究脉络展开,提出了区域人才结构优化与产业转型升级的协同发展系统观,探索了区域人才结构优化与产业转型升级的协同管理理论框架。
●
相关链接 在E读中查询图书 在五车中查询图书 在当当中查询图书 在豆瓣中查询图书


正题名:区域人才结构动态适配产业结构升级研究     索取号:C964.2/75         预约/预借

序号 登录号 条形码 馆藏地/架位号 状态 备注
1 0839911   208399115   第一样本阅览室/ [索取号:C964.2/75] 在馆    
2 0839912   208399124   第一借阅区/ [索取号:C964.2/75] 在馆    
3 0839913   208399133   第一借阅区/ [索取号:C964.2/75] 在馆    
唐山师范学院图书馆 欢迎您!
大连网信软件有限公司© 版权所有